Teatro rumano contemporáneo / (Record no. 128989)

MARC details
000 -LEADER
campo de control de longitud fija 01152nam a2200301 i 4500
001 - NÚMERO DE CONTROL
campo de control 128989
003 - IDENTIFICADOR DE NÚMERO DE CONTROL
campo de control ES-MaACL
005 - FECHA Y HORA DE LA ÚLTIMA TRANSACCIÓN
campo de control 20250824040442.0
007 - CAMPO FIJO DE DESCRIPCIÓN FÍSICA--INFORMACIÓN GENERAL
campo de control de longitud fija t|
008 - DATOS DE LONGITUD FIJA--INFORMACIÓN GENERAL
campo de control de longitud fija 070601s1972 sp ||||1| spa d
080 ## - NÚMERO DE LA CLASIFICACIÓN DECIMAL UNIVERSAL
Número de la Clasificación Decimal Universal 821.135.1-2(082.2)
245 00 - MENCIÓN DEL TÍTULO
Título Teatro rumano contemporáneo /
Mención de responsabilidad, etc. traducción del rumano por Iona Gavrilescu, Ileana Georgescu y Silvia Viscan ; prólogo de Al Piru.
250 ## - MENCION DE EDICION
Mención de edición [1º ed.].
260 ## - PUBLICACIÓN, DISTRIBUCIÓN, ETC.
Lugar de publicación, distribución, etc. [Madrid] :
Nombre del editor, distribuidor, etc. Aguilar,
Fecha de publicación, distribución, etc. [1972]
300 ## - DESCRIPCIÓN FÍSICA
Extensión 467 p. :
Otras características físicas il. ;
Dimensiones 20 cm.
505 8# - NOTA DE CONTENIDO CON FORMATO
Nota de contenido con formato Contiene: Una carta perdida / Ion Luca Caragiale.-- Acto veneciano / Camil Petrescu.-- Maese Manole / Lucian Blaga.-- San Mítica Blajinu / Aurel Baranga.-- La muerte de un artista / Horia Lovinescu
650 17 - PUNTO DE ACCESO ADICIONAL DE MATERIA--TÉRMINO DE MATERIA
Término de materia o nombre geográfico como elemento de entrada Teatro rumano
Fuente del encabezamiento o término embne
9 (RLIN) 17387
700 1# - ENTRADA AGREGADA--NOMBRE PERSONAL
Nombre de persona Gavrilescu,Iona.
9 (RLIN) 56094
700 1# - ENTRADA AGREGADA--NOMBRE PERSONAL
Nombre de persona Georgescu, Ileana.
9 (RLIN) 56394
700 1# - ENTRADA AGREGADA--NOMBRE PERSONAL
Nombre de persona Viscan, Silvia.
9 (RLIN) 115477
700 1# - ENTRADA AGREGADA--NOMBRE PERSONAL
Nombre de persona Caragiale, Ion Luca.
9 (RLIN) 34937
700 1# - ENTRADA AGREGADA--NOMBRE PERSONAL
Nombre de persona Petrescu, Camil.
9 (RLIN) 91537
700 1# - ENTRADA AGREGADA--NOMBRE PERSONAL
Nombre de persona Blaga, Lucian.
9 (RLIN) 29082
700 1# - ENTRADA AGREGADA--NOMBRE PERSONAL
Nombre de persona Baranga, Aurel.
9 (RLIN) 25318
700 1# - ENTRADA AGREGADA--NOMBRE PERSONAL
Nombre de persona Lovinescu, Horia.
9 (RLIN) 74367
852 ## - LOCALIZACIÓN
Ubicación ES-MaACL
Número de control de estantería C-49284
Sublocalización o colección R.84479
Holdings
Estatus retirado Estado de pérdida Estado de daño No para préstamo Biblioteca de origen Biblioteca actual Ubicación en estantería Fecha de adquisición Fuente de adquisición Total de préstamos Signatura topográfica completa Código de barras Visto por última vez Precio de reemplazo Tipo de ítem Koha
        Biblioteca del Ateneo de Madrid Biblioteca del Ateneo de Madrid Depósito 2 17/01/2008     C-49284 1134330 23/02/2023 23/02/2023 Libro impreso